[Event "TCh-RUS Women 2021"]
[Site "Sochi RUS"]
[Date "2021.05.01"]
[Round "1.1"]
[Board "2"]
[White "Lysenko, Margarita"]
[Black "Shuvalova, Polina"]
[Result "0-1"]
[WhiteTitle "WFM"]
[BlackTitle "IM"]
[WhiteElo "2207"]
[BlackElo "2484"]
[WhiteTeam "Moscow region"]
[BlackTeam "Moscow Chess Team (Moscow)"]
[WhiteFideId "34100200"]
[BlackFideId "24171760"]
[EventDate "2021.05.01"]

1. d4 Nf6 2. c4 e6 3. Nc3 Bb4 4. e3 O-O 5. Ne2 d5 6. cxd5 exd5 7. g3 Re8 8. Bg2
Na6 9. O-O c6 10. Qc2 Bf8 11. a3 h5 12. f3 c5 13. Kh1 Bd7 14. Bd2 Rc8 15. Rad1
cxd4 16. Nxd4 Nc5 17. Qb1 a5 18. b4 axb4 19. axb4 Ne6 20. Nce2 Rc4 21. Rc1 Nxd4
22. Nxd4 Qb6 23. Qb3 Rec8 24. Rb1 Bd6 25. Rfe1 h4 26. g4 Bb8 27. Bf1 Nxg4 28.
fxg4 Bxg4 29. Qd3 Re8 30. Rb2 Qc7 31. Re2 Rxd4 32. Qxd4 Bxe2 33. Qxh4 Bxf1 34.
Rb1 Bd3 35. Rc1 Qe5 0-1

[Event "TCh-RUS Women 2021"]
[Site "Sochi RUS"]
[Date "2021.05.02"]
[Round "2.2"]
[Board "3"]
[White "Girya, Olga"]
[Black "Potapova, Margarita"]
[Result "1/2-1/2"]
[WhiteTitle "WGM"]
[BlackTitle "WIM"]
[WhiteElo "2451"]
[BlackElo "2252"]
[WhiteTeam "Yugra (Khanty-Mansi Autonomous Okrug - Yugra)"]
[BlackTeam "Cimmeria (Republic of Crimea)"]
[WhiteFideId "4195752"]
[BlackFideId "14126869"]
[EventDate "2021.05.01"]

1. d4 Nf6 2. c4 e6 3. Nf3 b6 4. g3 Bb7 5. Bg2 Be7 6. O-O O-O 7. Nc3 Ne4 8. Qc2
Nxc3 9. Qxc3 f5 10. Bf4 Bf6 11. Qe3 Re8 12. Rac1 d6 13. Rfd1 h6 14. c5 g5 15.
Be5 Bd5 16. cxd6 cxd6 17. Bxf6 Qxf6 18. Ne1 Nd7 19. Qa3 Qe7 20. Rc7 a5 21. Rdc1
Bxg2 22. Nxg2 b5 23. Qd3 Rab8 24. Ne3 Qf7 25. Qa3 Qe7 26. Qxa5 Red8 27. Ra7 f4
28. Nf1 Qf6 29. Rcc7 Nf8 30. Qb4 h5 31. Nd2 Qf5 32. Qb3 Rbc8 33. Qf3 Rxc7 34.
Rxc7 h4 35. Qe4 fxg3 36. fxg3 hxg3 37. hxg3 d5 38. Qxf5 exf5 39. Nf3 Ne6 40. Rc6
Kf7 41. Rb6 Ke7 42. e3 f4 43. gxf4 gxf4 44. exf4 Rf8 45. Kf2 Rxf4 46. Kg3 Rf8
47. a3 Rf5 48. Rb8 Kd6 49. Rb6+ Ke7 50. Rb8 Kd6 51. Rg8 Ke7 52. Rh8 Kd6 53. Rh6
Ke7 54. Rh2 Rf8 55. Re2 Kd6 56. Re3 Rc8 57. Rb3 Rc4 58. Rxb5 Nxd4 59. Nxd4 Rxd4
60. Kf3 Ke5 61. Rb8 Rd3+ 62. Ke2 Rh3 63. a4 Ke4 64. Re8+ Kd4 65. Kd2 Rh2+ 66.
Re2 Rh8 67. b3 Rh7 68. Rg2 Rh4 69. Kc2 Ke3 70. Rg3+ Kd4 71. Rg2 Kc5 72. Rg8 Rh2+
73. Kd3 Rh3+ 74. Kc2 Rh2+ 75. Kb1 d4 76. Rb8 d3 77. Rd8 Kb4 78. Rxd3 Rg2 79. Kc1
Rh2 80. Rg3 Rf2 81. Rd3 Rh2 82. Rd2 Rh4 83. Kc2 Rg4 84. Rh2 Rf4 85. Rg2 Rh4 86.
Re2 Rg4 87. Kb2 Rh4 88. Rc2 Rg4 89. Rd2 Rh4 90. Kc2 Rg4 91. Rd3 Rg2+ 92. Kd1 Rh2
93. Re3 Rg2 94. Rd3 Rh2 95. Kc1 Rg2 96. Rd2 Rg4 97. Kb2 Rh4 98. Kc2 Rg4 99. Rd8
Rg2+ 100. Kd3 Kxb3 101. a5 Kb4 102. a6 Ra2 103. Ra8 Kb5 104. Ke4 1/2-1/2

[Event "TCh-RUS Women 2021"]
[Site "Sochi RUS"]
[Date "2021.05.03"]
[Round "3.1"]
[Board "1"]
[White "Lagno, Kateryna"]
[Black "Gunina, Valentina"]
[Result "1-0"]
[WhiteTitle "GM"]
[BlackTitle "GM"]
[WhiteElo "2546"]
[BlackElo "2421"]
[WhiteTeam "Moscow Chess Team (Moscow)"]
[BlackTeam "South Ural - 1 (Chelyabinsk region)"]
[WhiteFideId "14109336"]
[BlackFideId "4167570"]
[EventDate "2021.05.01"]

1. e4 c6 2. Nc3 d5 3. Nf3 dxe4 4. Nxe4 Nf6 5. Qe2 Nxe4 6. Qxe4 Qd5 7. Qh4 Qe6+
8. Be2 Qg6 9. O-O Qxc2 10. Re1 e6 11. d4 Nd7 12. Bg5 h6 13. Rad1 Bd6 14. d5 cxd5
15. Rxd5 Qc6 16. Rd4 Qb6 17. Bc4 e5 18. Qh5 g6 19. Qh4 Kf8 20. Bxh6+ Ke8 21. Qf4
f6 22. Bg7 Rh5 23. Qe4 Rf5 24. Qd5 Kd8 25. Rd3 Bc5 26. Red1 Kc7 27. Qf7 Bxf2+
28. Kh1 Qc6 29. Be6 Rxf3 30. gxf3 Bd4 31. Bxf6 Kb6 32. Bd8+ Kb5 33. a4+ 1-0

[Event "TCh-RUS Women 2021"]
[Site "Sochi RUS"]
[Date "2021.05.03"]
[Round "3.1"]
[Board "4"]
[White "Solozhenkina, Elizaveta"]
[Black "Bivol, Alina"]
[Result "0-1"]
[WhiteTitle "WIM"]
[BlackTitle "WGM"]
[WhiteElo "2308"]
[BlackElo "2385"]
[WhiteTeam "South Ural - 1 (Chelyabinsk region)"]
[BlackTeam "Moscow Chess Team (Moscow)"]
[WhiteFideId "34106615"]
[BlackFideId "4100123"]
[EventDate "2021.05.01"]

1. d4 Nf6 2. c4 g6 3. g3 c5 4. Nf3 Bg7 5. Bg2 Qa5+ 6. Nbd2 cxd4 7. Nxd4 Nc6 8.
Nb3 Qa4 9. O-O O-O 10. Nc5 Qxd1 11. Rxd1 d6 12. Nd3 Rd8 13. e4 Nd7 14. Rb1 a5
15. Nf1 Nb4 16. Nxb4 axb4 17. a3 Ne5 18. Ne3 Be6 19. Nd5 Bg4 20. Rf1 Be2 21. Re1
Bd3 22. Ra1 Nc6 23. Bf1 Bxf1 24. Kxf1 e6 25. Ne3 Ne5 26. Rd1 Rdc8 27. Rxd6 Nxc4
28. Nxc4 Rxc4 29. Rb1 Rxc1+ 30. Rxc1 Bxb2 31. Rb1 bxa3 32. Rd2 Kf8 33. Rdxb2
axb2 34. Rxb2 Rb8 35. Ke2 Ke7 36. h4 b5 37. Kd3 Kd6 38. Kd4 e5+ 39. Kc3 Kc6 40.
Rd2 Ra8 41. Kb2 Ra4 42. f3 Rd4 43. Rc2+ Kb6 44. h5 Rd3 45. hxg6 hxg6 46. Rf2 Kc5
47. f4 f6 48. fxe5 fxe5 49. g4 Rg3 50. Rd2 Rxg4 51. Rd5+ Kc4 52. Rxe5 Kd4 53.
Rxb5 Rxe4 54. Rg5 Re6 55. Kc2 Ke3 56. Rg1 Rd6 57. Kc1 Kf4 58. Rf1+ Ke5 59. Re1+
Kf6 60. Rf1+ Kg7 61. Rg1 Rd5 62. Kc2 g5 63. Rd1 Rxd1 64. Kxd1 Kg6 65. Ke2 Kh5
66. Kf2 Kh4 67. Kg1 Kg3 68. Kh1 Kf2 69. Kh2 g4 70. Kh1 Kg3 71. Kg1 Kh3 0-1

[Event "TCh-RUS Women 2021"]
[Site "Sochi RUS"]
[Date "2021.05.03"]
[Round "3.2"]
[Board "2"]
[White "Yakimova, Mariya"]
[Black "Gritsayeva, Oksana"]
[Result "0-1"]
[WhiteTitle "WFM"]
[BlackTitle "WFM"]
[WhiteElo "2217"]
[BlackElo "2336"]
[WhiteTeam "Ladya (Republic of Tatarstan)"]
[BlackTeam "Cimmeria (Republic of Crimea)"]
[WhiteFideId "34188859"]
[BlackFideId "14104652"]
[EventDate "2021.05.01"]

1. d4 Nf6 2. c4 e6 3. g3 c5 4. d5 exd5 5. cxd5 d6 6. Nc3 g6 7. Nf3 Bg7 8. Bg2
O-O 9. O-O Re8 10. Nd2 a6 11. a4 Nbd7 12. h3 Rb8 13. a5 b5 14. axb6 Nxb6 15. Re1
Nfd7 16. Nde4 Qc7 17. Qc2 Bb7 18. Bf4 Ne5 19. Red1 Nbd7 20. Ra2 Bc8 21. g4 Rb4
22. Bg3 Nf6 23. Nd2 h5 24. g5 Nh7 25. f4 h4 26. Bh2 Nc4 27. Nxc4 Rxc4 28. e4 Qb6
29. Bf1 Rb4 30. Re1 Nf8 31. e5 Bf5 32. Qg2 a5 33. Kh1 Nd7 34. e6 Nf8 35. e7 Nh7
36. Bg1 Qc7 37. Nb5 Qb6 38. Na3 a4 39. Nc4 Qc7 40. Qe2 Qd7 41. Kh2 Rb3 42. Ra3
Bd3 43. Qg4 Qxg4 44. hxg4 Bxc4 45. Bxc4 Rxb2+ 46. Kh3 Rb4 47. Bxc5 Rxc4 48. Bxd6
f6 49. Rd3 fxg5 50. Ba3 Nf6 51. d6 gxf4 52. Bb2 Nd7 53. Bxg7 Kxg7 54. g5 Kf7 55.
Kxh4 Rc5 56. Kg4 Ne5+ 57. Rxe5 Rxe5 58. d7 Kxe7 59. dxe8=Q+ Kxe8 60. Rd6 Ra5 61.
Rxg6 a3 62. Re6+ Kf7 63. Re1 a2 64. Ra1 Ra4 65. Kf3 Kg7 66. Kg4 Kg6 67. Kh4 f3+
68. Kg3 Ra3 69. Kf2 Kxg5 70. Rg1+ Kf5 71. Ra1 Kf4 72. Rh1 Ke4 73. Re1+ Kd4 0-1

[Event "TCh-RUS Women 2021"]
[Site "Sochi RUS"]
[Date "2021.05.04"]
[Round "4.1"]
[Board "4"]
[White "Voit, Daria"]
[Black "Tomilova, Elena"]
[Result "1-0"]
[WhiteTitle "WGM"]
[BlackTitle "WGM"]
[WhiteElo "2360"]
[BlackElo "2338"]
[WhiteTeam "Moscow Chess Team (Moscow)"]
[BlackTeam "Cimmeria (Republic of Crimea)"]
[WhiteFideId "4182146"]
[BlackFideId "4162340"]
[EventDate "2021.05.01"]

1. Nf3 d5 2. d4 Nf6 3. c4 e6 4. g3 Be7 5. Bg2 O-O 6. O-O Nbd7 7. Qc2 c6 8. Bf4
b6 9. Rd1 Ba6 10. Ne5 Rc8 11. Nc3 Bxc4 12. Nxc4 dxc4 13. e4 b5 14. a4 a6 15.
axb5 axb5 16. d5 cxd5 17. exd5 e5 18. Bg5 Bc5 19. Ra6 h6 20. Bxf6 Nxf6 21. Nxb5
Ng4 22. Rf1 Qd7 23. Rc6 Rxc6 24. dxc6 Qd3 25. Qxd3 cxd3 26. Bf3 f5 27. h3 Nf6
28. Rc1 e4 29. Bd1 e3 30. Rxc5 Ne4 31. Rc1 d2 32. Rc3 Nxf2 33. Bb3+ Kh7 34. Rxe3
d1=Q+ 35. Bxd1 Nxd1 36. Re2 f4 37. gxf4 Rxf4 38. c7 Rc4 39. Re8 1-0

[Event "TCh-RUS Women 2021"]
[Site "Sochi RUS"]
[Date "2021.05.05"]
[Round "5.1"]
[Board "1"]
[White "Lagno, Kateryna"]
[Black "Ushenina, Anna"]
[Result "1-0"]
[WhiteTitle "GM"]
[BlackTitle "GM"]
[WhiteElo "2546"]
[BlackElo "2416"]
[WhiteTeam "Moscow Chess Team (Moscow)"]
[BlackTeam "Yugra (Khanty-Mansi Autonomous Okrug - Yugra)"]
[WhiteFideId "14109336"]
[BlackFideId "14110911"]
[EventDate "2021.05.01"]

1. e4 e5 2. Nf3 Nc6 3. Bb5 Nf6 4. O-O Nxe4 5. Re1 Nd6 6. Nxe5 Be7 7. Bf1 Nxe5 8.
Rxe5 O-O 9. d4 Ne8 10. d5 Bc5 11. Re1 d6 12. Nc3 Bf5 13. Ne4 Bxe4 14. Rxe4 f5
15. Re1 Qh4 16. g3 Bxf2+ 17. Kxf2 Qxh2+ 18. Kf3 Nf6 19. Qd2 Qh5+ 20. Kg2 Ng4 21.
Kg1 f4 22. gxf4 g5 23. Qg2 gxf4 24. Be2 f3 25. Bxf3 Rxf3 26. Re4 Qh2+ 27. Qxh2
Nxh2 28. Kxh2 Rf2+ 29. Kh3 Rxc2 30. Bh6 Kh8 31. Rg1 1-0

[Event "TCh-RUS Women 2021"]
[Site "Sochi RUS"]
[Date "2021.05.05"]
[Round "5.1"]
[Board "3"]
[White "Kosteniuk, Alexandra"]
[Black "Girya, Olga"]
[Result "1-0"]
[WhiteTitle "GM"]
[BlackTitle "WGM"]
[WhiteElo "2474"]
[BlackElo "2451"]
[WhiteTeam "Moscow Chess Team (Moscow)"]
[BlackTeam "Yugra (Khanty-Mansi Autonomous Okrug - Yugra)"]
[WhiteFideId "4128125"]
[BlackFideId "4195752"]
[EventDate "2021.05.01"]

1. e4 e5 2. Nf3 Nc6 3. Bb5 a6 4. Ba4 Nf6 5. O-O Nxe4 6. d4 b5 7. Bb3 d5 8. dxe5
Be6 9. Qe2 Nc5 10. Rd1 Nxb3 11. axb3 Be7 12. c4 b4 13. Nbd2 O-O 14. Nf1 Qd7 15.
h3 Rfd8 16. Ng5 Qe8 17. cxd5 Bxd5 18. Qc2 Bxg5 19. Bxg5 Rd7 20. Ne3 Be6 21. Rxd7
Bxd7 22. Rd1 h6 23. Bh4 Nxe5 24. Nd5 Be6 25. Nxc7 Rc8 26. Rd8 Rxd8 27. Nxe8 Rxe8
28. Bg3 Rc8 29. Qe2 Nc6 30. Qxa6 Nd4 31. Bd6 Nxb3 32. Bxb4 Re8 33. Bc3 f6 34. g4
Bf7 35. h4 Nc5 36. Qc6 Ne6 37. Qf3 Nc7 38. Bd2 Rb8 39. b4 Nd5 40. Qd3 Nxb4 41.
Qd6 Rc8 42. Bxb4 Rc4 43. f3 1-0

[Event "TCh-RUS Women 2021"]
[Site "Sochi RUS"]
[Date "2021.05.05"]
[Round "5.2"]
[Board "4"]
[White "Tomilova, Elena"]
[Black "Solozhenkina, Elizaveta"]
[Result "1-0"]
[WhiteTitle "WGM"]
[BlackTitle "WIM"]
[WhiteElo "2338"]
[BlackElo "2308"]
[WhiteTeam "Cimmeria (Republic of Crimea)"]
[BlackTeam "South Ural - 1 (Chelyabinsk region)"]
[WhiteFideId "4162340"]
[BlackFideId "34106615"]
[EventDate "2021.05.01"]

1. c4 e5 2. g3 Nf6 3. Bg2 d5 4. cxd5 Nxd5 5. Nf3 Nc6 6. O-O Nb6 7. b3 Bd6 8. Bb2
O-O 9. d3 Qe7 10. Nbd2 f5 11. Nc4 Bd7 12. Rc1 Rab8 13. Nxd6 cxd6 14. b4 e4 15.
dxe4 fxe4 16. Nd4 d5 17. b5 Ne5 18. Qb3 Nec4 19. Bc3 Rfc8 20. Rfd1 a6 21. a4
axb5 22. Nxb5 Ra8 23. Ra1 Qe8 24. Rdb1 Bxb5 25. axb5 Rxa1 26. Bxa1 Qe7 27. Rd1
Qa3 28. Qxa3 Nxa3 29. Bd4 Nbc4 30. Bh3 Re8 31. b6 Kf7 32. Bc5 Rd8 33. Bf5 Nb5
34. Ra1 g6 35. Bh3 d4 36. Ra4 Ne5 37. Ra5 d3 38. exd3 exd3 39. Be3 Nc4 40. Rxb5
Nxe3 41. fxe3 d2 42. Bg4 d1=Q+ 43. Bxd1 Rxd1+ 44. Kg2 Rd6 45. Kf3 Ke6 46. Ke4 h6
47. h4 Rc6 48. g4 Rc4+ 49. Kf3 Rc6 50. Kf4 Rc4+ 51. Kf3 Rc6 52. g5 h5 53. Rb4
Ke7 54. Ke4 Ke6 55. Kd4 Ke7 56. Rb2 Rd6+ 57. Kc5 Rd3 58. Ra2 Rc3+ 59. Kb4 Rc6
60. Kb5 Rd6 61. Rc2 Rd5+ 62. Kb4 Re5 63. Rc7+ Kd6 64. Rxb7 Kc6 65. Rg7 Kxb6 66.
Rxg6+ Kc7 67. Rh6 Re4+ 68. Kc5 Rxh4 69. Rh7+ Kd8 70. Kd6 Ke8 71. Ke5 Rh3 72. e4
Kf8 73. Kf6 Rf3+ 74. Kg6 Re3 75. Rxh5 Rxe4 76. Rh8+ Ke7 77. Kg7 Rg4 78. g6 Rg1
79. Rh2 Rg3 80. Kh7 Kf8 81. Rf2+ Ke7 82. g7 Rh3+ 83. Kg8 Rg3 84. Rf4 Ra3 85. Rh4
Kf6 86. Kh8 1-0

[Event "TCh-RUS Women 2021"]
[Site "Sochi RUS"]
[Date "2021.05.07"]
[Round "6.2"]
[Board "3"]
[White "Borisova, Ekaterina"]
[Black "Maltsevskaya, Aleksandra"]
[Result "1/2-1/2"]
[WhiteTitle "FM"]
[BlackTitle "WGM"]
[WhiteElo "2268"]
[BlackElo "2360"]
[WhiteTeam "Secondary school Youth of Moscow (Moscow)"]
[BlackTeam "South Ural - 1 (Chelyabinsk region)"]
[WhiteFideId "34124184"]
[BlackFideId "24174041"]
[EventDate "2021.05.01"]

1. d4 Nf6 2. c4 g6 3. Nc3 Bg7 4. e4 d6 5. f3 O-O 6. Be3 c5 7. Nge2 Nfd7 8. Qd2
Nc6 9. d5 Na5 10. Ng3 Ne5 11. b3 a6 12. Rb1 h5 13. Be2 h4 14. Nf1 b5 15. cxb5
axb5 16. Nxb5 h3 17. gxh3 Ba6 18. Nc3 Bxe2 19. Kxe2 Qc8 20. Rg1 Qxh3 21. Rg3 Qh5
22. Kf2 f5 23. Kg2 fxe4 24. fxe4 Nf3 25. Qe2 Nh4+ 26. Kh1 Rf3 27. Nd2 Rxg3 28.
Qxh5 gxh5 29. hxg3 Bxc3 30. gxh4 Nb7 31. Rg1+ Kf7 32. Nb1 Bf6 33. Rg2 Bxh4 34.
Nc3 Bf6 35. Nb5 h4 36. Nc7 Rc8 37. Ne6 c4 38. Rc2 cxb3 39. Rxc8 bxa2 40. Ra8
a1=Q+ 41. Rxa1 Bxa1 42. Bf2 Bf6 43. Bb6 Be5 44. Kg2 Kf6 45. Be3 Bg3 46. Bd4+ Kg6
47. Bb6 Kf6 48. Bd4+ Kg6 1/2-1/2

[Event "TCh-RUS Women 2021"]
[Site "Sochi RUS"]
[Date "2021.05.08"]
[Round "7.1"]
[Board "4"]
[White "Dimitrova, Aleksandra"]
[Black "Voit, Daria"]
[Result "0-1"]
[WhiteTitle "WIM"]
[BlackTitle "WGM"]
[WhiteElo "2253"]
[BlackElo "2360"]
[WhiteTeam "Secondary school Youth of Moscow (Moscow)"]
[BlackTeam "Moscow Chess Team (Moscow)"]
[WhiteFideId "24173371"]
[BlackFideId "4182146"]
[EventDate "2021.05.01"]

1. e4 c6 2. d4 d5 3. e5 Bf5 4. h4 h5 5. Bd3 Bxd3 6. Qxd3 Qa5+ 7. Nc3 e6 8. Bg5
Qa6 9. Qh3 Nd7 10. O-O-O Nh6 11. Kb1 Nf5 12. f3 Bb4 13. Nge2 Bxc3 14. Nxc3 Qc4
15. g4 Nxd4 16. Rhe1 Nb5 17. Ne2 Nc5 18. Nf4 hxg4 19. Qxg4 a5 20. Nh5 Qxg4 21.
fxg4 Rh7 22. Ng3 Nd7 23. h5 Nc7 24. Re2 f6 25. exf6 gxf6 26. Bf4 e5 27. g5 fxg5
28. Bxe5 O-O-O 29. Bc3 b6 30. Rf1 Rf8 31. Rxf8+ Nxf8 32. Bf6 Nce6 33. c4 Rf7 34.
cxd5 cxd5 35. Be5 Kd7 36. Rd2 Kc6 37. Rc2+ Kd7 38. Rd2 Nc5 39. h6 Nh7 40. Bg7
Kd6 41. Re2 Ne6 42. Be5+ Kd7 43. b3 Rf3 44. Rd2 Kc6 45. Rc2+ Nc5 46. Ne2 Kd7 47.
Bg7 Nd3 48. Rd2 g4 49. Nd4 Rf1+ 50. Kc2 Ne1+ 51. Kb2 g3 52. Ne2 g2 53. Rxd5+ Kc6
54. Rd2 Rf2 55. Bd4 g1=Q 56. Bxf2 Qf1 57. Ng3 Qb5 0-1

[Event "TCh-RUS Women 2021"]
[Site "Sochi RUS"]
[Date "2021.05.10"]
[Round "9.3"]
[Board "2"]
[White "Belenkaya, Dina"]
[Black "Pogonina, Natalija"]
[Result "0-1"]
[WhiteTitle "WGM"]
[BlackTitle "WGM"]
[WhiteElo "2304"]
[BlackElo "2472"]
[WhiteTeam "SSHOR in chess and checkers - 1 (Sank"]
[BlackTeam "Yugra (Khanty-Mansi Autonomous Okrug - Yugra)"]
[WhiteFideId "24142654"]
[BlackFideId "4147855"]
[EventDate "2021.05.01"]

1. e4 e5 2. Nf3 Nc6 3. Nc3 Nf6 4. a3 Be7 5. d4 exd4 6. Nxd4 O-O 7. Nxc6 dxc6 8.
Qxd8 Rxd8 9. Be3 Ng4 10. Bf4 Bd6 11. Bxd6 cxd6 12. h3 Ne5 13. f4 Ng6 14. g3 f5
15. Bc4+ Kf8 16. Bd3 Ne7 17. O-O-O h6 18. exf5 Bxf5 19. Bxf5 Nxf5 20. g4 Ne3 21.
Rd3 Nc4 22. Ne4 b6 23. Ng3 d5 24. a4 Nd6 25. f5 Re8 26. Rf1 Kf7 27. b3 Re5 28.
c4 Rae8 29. cxd5 Rxd5 30. Rfd1 Ree5 31. Nh5 Ne4 32. Nf4 Rxd3 33. Rxd3 Nc5 34.
Rc3 a5 35. Kc2 Re4 36. Nd3 Re2+ 37. Kd1 Re3 38. Kc2 Nxd3 39. Rxd3 Rxd3 40. Kxd3
Kf6 41. Ke4 Kg5 42. Ke5 Kh4 43. f6 gxf6+ 44. Kxf6 b5 45. Kg6 bxa4 46. bxa4 c5
47. Kxh6 c4 48. g5 c3 49. g6 c2 50. g7 c1=Q+ 51. Kh7 Kh5 52. h4 Qh6+ 53. Kg8 Kg6
54. h5+ Kf6 0-1